000 00337nam a2200133Ia 4500
005 20260328101449.0
008 260328s9999||||xx |||||||||||||| ||und||
100 _aArana, Mariano
245 0 _aPlan especial :
_b Ciudad Vieja /
_cMariano Arana
260 _bJunta de AndalucĂ­a
300 _a94 p.
650 _aLATINOAMERICA
942 _cBK
999 _c8576
_d8576